Simplified Cartoon Characters Quiz Stats

 Plays Quiz Updated Mar 2, 2016

Score 0/25 Timer 03:00
14 Plays Today
% Correct
Super Mario
97.6%
Spider-Man
97.6%
Pink Panther
96.5%
Garfield
95.6%
Winnie the Pooh
95.6%
SpongeBob SquarePants
95%
Bugs Bunny
93.6%
Superman
93.5%
Mickey Mouse
93.2%
Popeye the Sailor
93.1%
Yogi Bear
91.1%
Snoopy
88%
Tom
88%
% Correct
Wally
87.7%
Pikachu
87.2%
Homer Simpson
87.1%
Betty Boop
85.7%
Fred Flintstone
84.8%
Sylvester
76.2%
Peter Griffin
74.8%
Eric Cartman
68.4%
Bender
58.6%
Top Cat
31%
Skeletor
30.2%
Dick Dastardly
15.6%

You're not logged in!

Compare scores with friends on all Sporcle quizzes.
OR
Log In

Show Comments

Extras

Top Quizzes Today


Score Distribution

Your Account Isn't Verified!

In order to create a playlist on Sporcle, you need to verify the email address you used during registration. Go to your Sporcle Settings to finish the process.

Report this User

Report this user for behavior that violates our Community Guidelines.

Details: